Statistics for Biggest Cities Bordering The Pacific Ocean

Click here to take the quiz!

General Stats

  • This quiz has been taken 33 times
    (29 since last reset)
  • The average score is 15 of 30

Answer Stats

PopulationCity% Correct
24,280,000Shanghai
89%
5,230,000Sydney
89%
9,608,000Jakarta
86%
3,990,000Los Angeles
86%
1,780,000Manila
86%
9,000,000Lima
82%
7,451,000Hong Kong
75%
4,936,000Melbourne
75%
2,691,000Osaka
75%
5,639,000Singapore
75%
2,280,000Brisbane
71%
8,993,000Ho Chi Minh City
71%
2,646,000Taipei
68%
1,657,000Auckland
64%
2,296,000Nagoya
61%
3,725,000Yokohama
54%
3,429,000Busan
50%
1,539,000Fukuoka
39%
9,046,000Qingdao
36%
2,765,000Surabaya
36%
5,618,000Dalian
29%
2,291,000Guayaquil
25%
30,480,000Chongqing
18%
1,556,000Semarang
7%
1,633,000Davao City
4%
2,150,000Dongying
0%
4,501,657Jiaxing
0%
5,692,000Jingzhou
0%
8,081,905Jining
0%
4,728,778Jiujiang
0%

Score Distribution

Percentile by Number Answered

Percent of People with Each Score

Your Score History

You have not taken this quiz since the last reset